Countries by Highest Percentage of Immigrant Population - Statistics

General Stats
  • This quiz has been taken 104 times
  • The average score is 10 of 15
Answer Stats
% Country % Correct
83.7 United Arab Emirates
83%
100 Vatican City
83%
73.8 Qatar
82%
54.7 Bahrain
79%
64.2 Monaco
77%
70.0 Kuwait
76%
42.9 Singapore
74%
33.1 Liechtenstein
72%
43.3 Luxembourg
72%
30.6 Oman
70%
31.4 Saudi Arabia
70%
56.9 Andorra
67%
49.3 Brunei
53%
40.2 Jordan
48%
31.9 Antigua and Barbuda
15%
No matching quizzes found
Score Distribution
Percent of People with Each Score
Percentile by Number Answered
Your Score History
You have not taken this quiz